| 000 | 00662nam a2200229 a 4500 | ||
|---|---|---|---|
| 008 | |||
| 020 | _a0136879802 (pbk.) | ||
| 049 | _aMAIN | ||
| 090 | _aTJ843 | ||
| 100 | 1 | _aPinches, Michael J. | |
| 245 | 1 | 0 |
_aPower hydraulics / _cMichael J. Pinches, John G. Ashby. |
| 260 |
_aNew York : _bPrentice-Hall, _cc1989. |
||
| 300 |
_axii, 400 p. : _bill. ; _c24 cm. |
||
| 504 | _aIncludes bibliographical references. | ||
| 650 | 0 | _aFluid power technology. | |
| 700 | 1 | _aAshby, John G. | |
| 907 |
_a.b10128682 _b08-07-04 _c23-06-04 |
||
| 003 | |||
| 005 | 20230123133746.0 | ||
| 040 | _cNUST | ||
| 942 |
_cBOOKS _kTJ843 |
||
| 999 |
_c154124 _d154124 |
||